[Event "Mercredi 2010.01.06 ABCD"]
[Site "Montreal CAN"]
[Date "2010.01.06"]
[Round "1"]
[White "Gagnon, Serge"]
[Black "Lange, David"]
[Result "1/2-1/2"]
[WhiteElo "2000"]
[BlackElo "1960"]
[PlyCount "168"]
[EventDate "2010.01.06"]
[EventType "tourn"]
[EventRounds "5"]
[EventCountry "CAN"]

1. d4 d5 2. c4 c6 3. Nf3 Nf6 4. Bg5 e6 5. cxd5 exd5 6. Nc3 Be7 7. e3 O-O 8. Bd3
h6 9. Bxf6 Bxf6 10. O-O Nd7 11. Qc2 Re8 12. b4 Nb6 13. Rab1 Bd7 14. Rfc1 Nc8
15. b5 Nd6 16. Qb3 Ne4 17. Bxe4 dxe4 18. Nd2 Be6 19. Qc2 cxb5 20. Rxb5 b6 21.
Ndxe4 Bc4 22. Nxf6+ Qxf6 23. Rb4 Rac8 24. Ne4 Qe6 25. Rxc4 Rxc4 26. Qxc4 Qxe4
27. d5 Qe5 28. Rd1 Qh5 29. Qd4 Qe2 30. Qd2 Qb5 31. f3 Qc5 32. Kf2 Qc4 33. g3
Rd8 34. e4 Qc5+ 35. Qd4 Qa3 36. Rd2 Qc1 37. Kg2 Qe1 38. Rc2 Qb1 39. Qb2 Qd1 40.
Rc7 Qa4 41. Qc2 Qa6 42. Qc4 b5 43. Qb3 b4 44. Qc4 Qa3 45. Rc8 Qb2+ 46. Qc2
Qxc2+ 47. Rxc2 a5 48. Kf2 a4 49. Ke3 Rb8 50. d6 b3 51. axb3 axb3 52. Rb2 f6 53.
Kd4 Kf7 54. f4 Ke6 55. Kc3 Re8 56. Kd3 Rb8 57. Kc3 Rc8+ 58. Kxb3 Kxd6 59. Rd2+
Ke6 60. Rd4 g5 61. Rc4 Rd8 62. Rc6+ Kf7 63. Kc3 Rd1 64. Rc7+ Kg6 65. f5+ Kh5
66. Rf7 Rd6 67. h3 Ra6 68. Kd4 Rd6+ 69. Kc5 Rd3 70. g4+ Kh4 71. Rxf6 Kxh3 72.
Rxh6+ Kxg4 73. f6 Rd8 74. f7 Kf4 75. Rf6+ Kxe4 76. f8=Q Rxf8 77. Rxf8 g4 78.
Kc4 g3 79. Re8+ Kf3 80. Kd3 g2 81. Rg8 Kf2 82. Rf8+ Kg3 83. Rg8+ Kf2 84. Rf8+
Kg3 1/2-1/2

[Event "Mercredi 2010.01.06 ABCD"]
[Site "Montreal CAN"]
[Date "2010.01.06"]
[Round "1"]
[White "Gates, Claude-Eric"]
[Black "Baran, Marius"]
[Result "1-0"]
[WhiteElo "1692"]
[BlackElo "1684"]
[PlyCount "108"]
[EventDate "2010.01.06"]
[EventType "tourn"]
[EventRounds "5"]
[EventCountry "CAN"]

1. c4 Nf6 2. g3 g6 3. Bg2 d5 4. Nf3 Bg7 5. Nc3 O-O 6. O-O c6 7. cxd5 cxd5 8. d4
Nc6 9. Bg5 h6 10. Bxf6 Bxf6 11. e3 Be6 12. Rc1 Qd7 13. Qb3 Rfd8 14. Rfd1 Rac8
15. Ne1 b6 16. Nd3 Na5 17. Qb5 Bg4 18. Qxd7 Rxd7 19. Nxd5 Bxd1 20. Nxf6+ exf6
21. Rxc8+ Kg7 22. h4 Bg4 23. Rc3 Nb7 24. f3 Be6 25. a3 h5 26. Kf2 Nd6 27. Nf4
Nb5 28. Rc6 Bb3 29. Bf1 Ba4 30. Rc1 Rc7 31. Rxc7 Nxc7 32. e4 Bb3 33. Ke3 Ne6
34. d5 Nc5 35. Bb5 Kf8 36. Nd3 Nxd3 37. Kxd3 Bd1 38. f4 Bg4 39. d6 Be6 40. Kd4
Bg4 41. b4 Be6 42. Bc6 Bg4 43. e5 fxe5+ 44. Kxe5 g5 45. Kf6 gxf4 46. gxf4 a5
47. d7 Bxd7 48. Bxd7 axb4 49. axb4 Kg8 50. Be8 Kh7 51. Bxf7 Kh6 52. Bg6 b5 53.
Be8 Kh7 54. Bxb5 Kh6 1-0

[Event "Mercredi 2010.01.06 ABCD"]
[Site "Montreal CAN"]
[Date "2010.01.06"]
[Round "1"]
[White "Gauthier, Luc"]
[Black "Keane-McCarney, Eamon"]
[Result "1-0"]
[WhiteElo "1689"]
[BlackElo "1686"]
[PlyCount "81"]
[EventDate "2010.01.06"]
[EventType "tourn"]
[EventRounds "5"]
[EventCountry "CAN"]

1. e4 c5 2. Nc3 d6 3. f4 Nf6 4. Bb5+ Bd7 5. Bxd7+ Qxd7 6. d3 Nc6 7. Nf3 e6 8.
O-O Be7 9. Ne2 Rd8 10. c3 O-O 11. Ng3 Rfe8 12. h3 Bf8 13. f5 exf5 14. Nxf5 c4
15. Bg5 cxd3 16. Bxf6 gxf6 17. Qe1 d5 18. Qg3+ Kh8 19. Qh4 Re6 20. e5 Nxe5 21.
N3d4 Ng6 22. Qh5 Re5 23. Rad1 Bc5 24. Rxd3 Rde8 25. Rdf3 Re2 26. Nh6 Rxb2 27.
Rxf6 Ree2 28. Nxf7+ Qxf7 29. Qxe2 Bxd4+ 30. cxd4 Rxe2 31. Rxf7 Rxa2 32. Rxb7
Kg8 33. Rff7 Nh4 34. Rg7+ Kf8 35. Rxh7 Rxg2+ 36. Kf1 Kg8 37. Rxh4 Ra2 38. Rhh7
Rd2 39. Rhc7 Rd1+ 40. Ke2 Rxd4 41. Rb8# 1-0

[Event "Mercredi 2010.01.06 ABCD"]
[Site "Montreal CAN"]
[Date "2010.01.06"]
[Round "1"]
[White "Le Bas, Nicolas"]
[Black "Zroud, Hicham"]
[Result "0-1"]
[WhiteElo "1891"]
[BlackElo "1728"]
[PlyCount "40"]
[EventDate "2010.01.06"]
[EventType "tourn"]
[EventRounds "5"]
[EventCountry "CAN"]

1. e4 e5 2. Nf3 Nc6 3. Bb5 a6 4. Ba4 Nf6 5. O-O Be7 6. Re1 b5 7. Bb3 O-O 8. c3
d5 9. exd5 Nxd5 10. Nxe5 Nxe5 11. Rxe5 Nf6 12. f3 Bd6 13. Re1 Nh5 14. d4 Qh4
15. f4 Bg4 16. Qd2 Bxf4 17. Re3 Bxh2+ 18. Kf1 Ng3+ 19. Rxg3 Bxg3 20. Qe3 Rae8
0-1

[Event "Mercredi 2010.01.06 ABCD"]
[Site "Montreal CAN"]
[Date "2010.01.06"]
[Round "1"]
[White "Leveille, Francois"]
[Black "Cvetkovic, Simeon"]
[Result "1-0"]
[WhiteElo "2289"]
[BlackElo "1926"]
[PlyCount "61"]
[EventDate "2010.01.06"]
[EventType "tourn"]
[EventRounds "5"]
[EventCountry "CAN"]

1. d4 d5 2. c4 c6 3. Nf3 Nf6 4. Qc2 e6 5. Bg5 Qa5+ 6. Bd2 Qc7 7. cxd5 exd5 8.
Nc3 Be7 9. Bg5 Be6 10. e3 Nbd7 11. Bd3 h6 12. Bh4 O-O 13. O-O Rfe8 14. Bg3 Qd8
15. h3 Rc8 16. Rab1 c5 17. Bf5 Qb6 18. Rfc1 Red8 19. Na4 Qa6 20. Bxe6 fxe6 21.
Nxc5 Nxc5 22. dxc5 Rxc5 23. Qg6 Rf8 24. Nd4 Rfc8 25. Rd1 Bf8 26. Be5 Be7 27. a4
Rc4 28. b3 Rb4 29. Rbc1 Rc6 30. Rxc6 bxc6 31. Nxe6 1-0

[Event "Mercredi 2010.01.06 ABCD"]
[Site "Montreal CAN"]
[Date "2010.01.06"]
[Round "1"]
[White "Levkovsky, Alexandre"]
[Black "Dumont, Felix"]
[Result "1-0"]
[WhiteElo "2194"]
[BlackElo "1955"]
[PlyCount "55"]
[EventDate "2010.01.06"]
[EventType "tourn"]
[EventRounds "5"]
[EventCountry "CAN"]

1. e4 c5 2. Nf3 d6 3. d4 cxd4 4. Nxd4 Nf6 5. Nc3 a6 6. Be2 e5 7. Nb3 Be6 8. Bf3
Be7 9. Be3 O-O 10. O-O b5 11. a4 b4 12. Nd5 Nxd5 13. exd5 Bf5 14. a5 Nd7 15.
Qd2 Bg6 16. Ra4 f5 17. Rxb4 f4 18. Bb6 Nxb6 19. axb6 Rb8 20. Na5 Be8 21. Qc3
Rxb6 22. Nb7 Rxb7 23. Rxb7 Bf6 24. Be4 Qa8 25. Rc7 Bb5 26. Qh3 h6 27. Qe6+ Kh8
28. Qf5 1-0

[Event "Mercredi 2010.01.06 ABCD"]
[Site "Montreal CAN"]
[Date "2010.01.06"]
[Round "1"]
[White "Pozdnyakov, Alexander"]
[Black "Lange, Holger"]
[Result "0-1"]
[WhiteElo "1707"]
[BlackElo "1640"]
[PlyCount "112"]
[EventDate "2010.01.06"]
[EventType "tourn"]
[EventRounds "5"]
[EventCountry "CAN"]

1. e4 c5 2. Nc3 e6 3. g3 Nc6 4. Bg2 g6 5. d3 Bg7 6. Be3 d6 7. Qd2 Qa5 8. Nge2
Bd7 9. O-O Nge7 10. a3 O-O 11. Bh6 Rfd8 12. Bxg7 Kxg7 13. h4 Nd4 14. h5 Nxe2+
15. Qxe2 Nc6 16. Qg4 c4 17. dxc4 Ne5 18. Qf4 Nxc4 19. h6+ Kf8 20. e5 Nxe5 21.
Ne4 Bc6 22. Ng5 Bxg2 23. Nxh7+ Ke7 24. Kxg2 Qd5+ 25. f3 Qc4 26. Qg5+ Kd7 27. b3
Qxc2+ 28. Rf2 Qf5 29. Nf6+ Kc7 30. Rc1+ Nc6 31. Qxf5 gxf5 32. b4 a6 33. h7 Rh8
34. Rd2 Rad8 35. Rc4 Kb6 36. Rh4 Ne5 37. Rhd4 d5 38. g4 fxg4 39. fxg4 Nd7 40.
Nxd5+ exd5 41. Rxd5 Kc6 42. Rh5 Rde8 43. Rc2+ Kb6 44. Rf2 Ref8 45. Rd2 Kc7 46.
g5 Ne5 47. Kg3 Ng6 48. Kg4 Rd8 49. Rf2 Kd6 50. Rf6+ Ke7 51. Kf5 Rd5+ 52. Ke4
Re5+ 53. Kd4 Re6 54. Rf5 Nf8 55. Kc5 Rxh7 56. g6 fxg6 0-1

[Event "Mercredi 2010.01.06 ABCD"]
[Site "Montreal CAN"]
[Date "2010.01.13"]
[Round "2"]
[White "Baran, Marius"]
[Black "Gauthier, Luc"]
[Result "1-0"]
[WhiteElo "1684"]
[BlackElo "1689"]
[PlyCount "49"]
[EventDate "2010.01.06"]
[EventType "tourn"]
[EventRounds "5"]
[EventCountry "CAN"]

1. d4 d5 2. Nf3 Nc6 3. g3 Bf5 4. Bg2 e6 5. O-O Nf6 6. b3 Nb4 7. Na3 c5 8. Bb2
Be7 9. c3 Nc6 10. c4 O-O 11. cxd5 exd5 12. Nc2 Qd7 13. dxc5 Bh3 14. Rc1 Bxg2
15. Kxg2 Ne4 16. b4 f5 17. Ne5 Qe6 18. Nxc6 bxc6 19. Nd4 Qg6 20. Qd3 f4 21. f3
Bh4 22. fxe4 dxe4 23. Qb3+ Kh8 24. Ne6 e3 25. Bxg7+ 1-0

[Event "Mercredi 2010.01.06 ABCD"]
[Site "Montreal CAN"]
[Date "2010.01.13"]
[Round "2"]
[White "Bergeron, Rene"]
[Black "Messier, Samuel"]
[Result "1-0"]
[WhiteElo "1560"]
[BlackElo "1603"]
[PlyCount "49"]
[EventDate "2010.01.06"]
[EventType "tourn"]
[EventRounds "5"]
[EventCountry "CAN"]

1. c4 Nf6 2. Nc3 e6 3. d4 Bb4 4. g3 O-O 5. Bg2 c5 6. e3 d5 7. cxd5 exd5 8. Nge2
Bg4 9. O-O cxd4 10. exd4 Re8 11. Be3 Nc6 12. Qb3 Qd7 13. Rfe1 Rad8 14. a3 Ba5
15. Nf4 Bf5 16. Rec1 g5 17. Nfxd5 Nxd5 18. Nxd5 Kg7 19. Qb5 a6 20. Qe2 Be4 21.
Bxe4 Rxe4 22. Nc3 Bxc3 23. bxc3 h6 24. Qh5 Na5 25. Re1 1-0

[Event "Mercredi 2010.01.06 ABCD"]
[Site "Montreal CAN"]
[Date "2010.01.13"]
[Round "2"]
[White "Chesnut, Walter"]
[Black "Lamouche, Andre"]
[Result "1-0"]
[WhiteElo "1636"]
[BlackElo "1625"]
[PlyCount "99"]
[EventDate "2010.01.06"]
[EventType "tourn"]
[EventRounds "5"]
[EventCountry "CAN"]

1. e4 c5 2. Nf3 d6 3. d4 cxd4 4. Nxd4 Nf6 5. Nc3 a6 6. Bg5 e6 7. f4 Be7 8. Qf3
Qc7 9. O-O-O Nc6 10. Nb3 h6 11. Bh4 Bd7 12. g4 g5 13. Bg3 gxf4 14. Bxf4 e5 15.
g5 Bg4 16. Qf2 Nh5 17. Nd5 Qd8 18. Be3 Bxg5 19. Bxg5 Qxg5+ 20. Rd2 O-O 21. h3
f5 22. hxg4 fxg4 23. Qg2 Nf4 24. Qg3 Rf7 25. Ne3 h5 26. Bc4 d5 27. Bxd5 Nxd5
28. Nxd5 Raf8 29. Kb1 Rf1+ 30. Rd1 Rxd1+ 31. Rxd1 h4 32. Qg2 h3 33. Qh2 Rf3 34.
Nd2 Rf7 35. c3 Qh4 36. Nf1 Rf2 37. Qg3 Qxg3 38. Nxg3 Rf3 39. Nh1 Kf7 40. Kc2
Kg6 41. Kd2 g3 42. Ke2 Rf7 43. Nxg3 Kg5 44. Nf5 Rh7 45. Rh1 Kg4 46. Nf6+ Kf4
47. Nxh7 Kxe4 48. Ne3 b5 49. Rxh3 b4 50. Rh4# 1-0

[Event "Mercredi 2010.01.06 ABCD"]
[Site "Montreal CAN"]
[Date "2010.01.13"]
[Round "2"]
[White "Cvetkovic, Simeon"]
[Black "Lange, David"]
[Result "1/2-1/2"]
[WhiteElo "1926"]
[BlackElo "1960"]
[PlyCount "78"]
[EventDate "2010.01.06"]
[EventType "tourn"]
[EventRounds "5"]
[EventCountry "CAN"]

1. e4 e5 2. f4 exf4 3. Nf3 d6 4. Bc4 Be6 5. Qe2 Nd7 6. d4 Bxc4 7. Qxc4 Nb6 8.
Qb3 Qe7 9. O-O O-O-O 10. Nc3 g5 11. a4 a6 12. a5 Nd7 13. Qc4 c6 14. b4 Kb8 15.
d5 Rc8 16. Qd4 Ne5 17. dxc6 Rxc6 18. Nd5 Nxf3+ 19. Rxf3 Qe5 20. Bb2 Bg7 21. c3
h5 22. Nb6 Qxd4+ 23. cxd4 Ne7 24. Rd1 Rc2 25. Bc3 Nc6 26. Kf1 Re8 27. Nc4 Kc7
28. Na3 Ra2 29. d5 Ne5 30. Bxe5 Bxe5 31. Nc4 g4 32. Rf2 Rxf2+ 33. Kxf2 Re7 34.
Rd3 f6 35. Nxe5 fxe5 36. h3 Kd8 37. Rc3 Rc7 38. Rxc7 Kxc7 39. h4 b6 1/2-1/2

[Event "Mercredi 2010.01.06 ABCD"]
[Site "Montreal CAN"]
[Date "2010.01.13"]
[Round "2"]
[White "Dumont, Felix"]
[Black "Gagnon, Serge"]
[Result "1-0"]
[WhiteElo "1955"]
[BlackElo "2000"]
[PlyCount "123"]
[EventDate "2010.01.06"]
[EventType "tourn"]
[EventRounds "5"]
[EventCountry "CAN"]

1. e4 g6 2. d4 Bg7 3. c4 d6 4. Be2 Nc6 5. Nf3 e5 6. Bg5 Nge7 7. d5 Nd4 8. b4 f5
9. Nxd4 exd4 10. exf5 Bxf5 11. Bd3 Qd7 12. O-O O-O 13. Re1 Rf7 14. Bxe7 Bxd3
15. Qxd3 Rxe7 16. Nd2 Rae8 17. Nf3 c5 18. bxc5 dxc5 19. Kf1 Qa4 20. Qb3 Rxe1+
21. Rxe1 Rxe1+ 22. Nxe1 Qxb3 23. axb3 Be5 24. Nf3 Bd6 25. Ng5 b6 26. Ke2 Bf4
27. Ne6 Bd6 28. Kf3 Kf7 29. Ng5+ Kg7 30. Ke4 h6 31. Ne6+ Kf6 32. h4 a6 33. g4
g5 34. hxg5+ hxg5 35. Nd8 b5 36. Nb7 Bf8 37. d6 Ke6 38. Nxc5+ Kxd6 39. Nxa6
bxc4 40. bxc4 Kc6 41. Kxd4 Kb6 42. Nb8 Kc7 43. Na6+ Kb6 44. Nb8 Kc7 45. Ke5
Bd6+ 46. Kf5 Bf4 47. Na6+ Kb6 48. Nb4 Bd2 49. Nd5+ Kc5 50. Ne3 Be1 51. f3 Bd2
52. Ke4 Bc1 53. Kd3 Kb4 54. Kd4 Bb2+ 55. Kd5 Bc1 56. Nc2+ Kc3 57. Nd4 Be3 58.
Ne6 Kb4 59. c5 Kb5 60. c6 Kb6 61. Kd6 Bd2 62. c7 1-0

[Event "Mercredi 2010.01.06 ABCD"]
[Site "Montreal CAN"]
[Date "2010.01.13"]
[Round "2"]
[White "Lange, Holger"]
[Black "Keane-McCarney, Eamon"]
[Result "1/2-1/2"]
[WhiteElo "1640"]
[BlackElo "1686"]
[PlyCount "70"]
[EventDate "2010.01.06"]
[EventType "tourn"]
[EventRounds "5"]
[EventCountry "CAN"]

1. e4 c5 2. Nf3 d6 3. d4 cxd4 4. Nxd4 Nf6 5. Nc3 a6 6. Be2 e6 7. O-O b5 8. a3
Bb7 9. f3 Nbd7 10. Be3 d5 11. exd5 Nxd5 12. Nxd5 Bxd5 13. Qe1 Qc7 14. c3 g6 15.
Qh4 h6 16. Rac1 Bg7 17. Nc2 g5 18. Qf2 Rg8 19. Nb4 Bb7 20. Rfd1 Be5 21. g3 Rc8
22. Bd4 Nc5 23. Qe3 Bf4 24. Qf2 Bxc1 25. Rxc1 Nd7 26. Bd3 Ne5 27. Be2 Ra8 28.
Bb6 Qe7 29. Bd4 Ng6 30. Re1 Rc8 31. Bd3 Qc7 32. Bb6 Qd6 33. Bd4 Qc7 34. Bb6 Qd6
35. Bd4 Qc7 1/2-1/2

[Event "Mercredi 2010.01.06 ABCD"]
[Site "Montreal CAN"]
[Date "2010.01.13"]
[Round "2"]
[White "Le Bas, Nicolas"]
[Black "Dobrev, Martin"]
[Result "0-1"]
[WhiteElo "1891"]
[BlackElo "1818"]
[PlyCount "58"]
[EventDate "2010.01.06"]
[EventType "tourn"]
[EventRounds "5"]
[EventCountry "CAN"]

1. e4 c6 2. d4 d5 3. exd5 cxd5 4. c4 Nf6 5. c5 e5 6. Nc3 exd4 7. Qxd4 Nc6 8.
Bb5 Bd7 9. Bxc6 bxc6 10. Bf4 Qe7+ 11. Be3 Ng4 12. b4 a5 13. bxa5 Nxe3 14. fxe3
Qxc5 15. Nf3 Qxd4 16. exd4 Bb4 17. Kd2 O-O 18. Ne5 Bf5 19. Rac1 c5 20. dxc5 d4
21. Nc4 dxc3+ 22. Rxc3 Rfd8+ 23. Nd6 Rxa5 24. Ke3 Rxd6 25. cxd6 Bxc3 26. d7
Bxd7 27. Rd1 Ra7 28. a4 Bf6 29. a5 g6 0-1

[Event "Mercredi 2010.01.06 ABCD"]
[Site "Montreal CAN"]
[Date "2010.01.13"]
[Round "2"]
[White "Leveille, Francois"]
[Black "Levkovsky, Alexandre"]
[Result "1-0"]
[WhiteElo "2289"]
[BlackElo "2194"]
[PlyCount "47"]
[EventDate "2010.01.06"]
[EventType "tourn"]
[EventRounds "5"]
[EventCountry "CAN"]

1. d4 d5 2. c4 dxc4 3. e3 e5 4. Bxc4 exd4 5. exd4 Nf6 6. Nf3 Bb4+ 7. Nc3 Qe7+
8. Be3 Ng4 9. O-O Nxe3 10. fxe3 Bxc3 11. bxc3 O-O 12. Ne5 Be6 13. d5 Bd7 14.
Qh5 g6 15. d6 cxd6 16. Nxg6 hxg6 17. Qxg6+ Kh8 18. Bxf7 Qxe3+ 19. Kh1 Nc6 20.
Rf3 Qd2 21. Rg3 Rxf7 22. Qxf7 Qh6 23. Qxd7 Ne5 24. Qxb7 1-0

[Event "Mercredi 2010.01.06 ABCD"]
[Site "Montreal CAN"]
[Date "2010.01.13"]
[Round "2"]
[White "Neumark-Gaudet, Zev"]
[Black "Maharisoa, Tantely"]
[Result "0-1"]
[WhiteElo "1536"]
[BlackElo "1593"]
[PlyCount "66"]
[EventDate "2010.01.06"]
[EventType "tourn"]
[EventRounds "5"]
[EventCountry "CAN"]

1. e4 c6 2. d4 d5 3. exd5 cxd5 4. c4 Nf6 5. Nc3 e6 6. Nf3 Nc6 7. Bd3 Be7 8. O-O
O-O 9. Re1 a6 10. c5 b6 11. cxb6 Qxb6 12. a3 Bd6 13. b4 Kh8 14. Bb1 Bb7 15. Qd3
g6 16. Bh6 Rfc8 17. Ng5 Rc7 18. Qf3 Qxd4 19. Rxe6 Be5 20. Rxe5 Qxe5 21. Ba2 Nd4
22. Qd3 Rxc3 23. Nxf7+ Kg8 24. Nxe5 Rxd3 25. Nxd3 Re8 26. Kf1 Bc6 27. Re1 Rxe1+
28. Kxe1 Nc2+ 29. Kd2 Nxa3 30. Ne5 Bb5 31. Kc3 Ne4+ 32. Kd4 Nc2+ 33. Kxd5 Nc3+
0-1

[Event "Mercredi 2010.01.06 ABCD"]
[Site "Montreal CAN"]
[Date "2010.01.13"]
[Round "2"]
[White "Pozdnyakov, Alexander"]
[Black "Gates, Claude-Eric"]
[Result "0-1"]
[WhiteElo "1701"]
[BlackElo "1692"]
[PlyCount "56"]
[EventDate "2010.01.06"]
[EventType "tourn"]
[EventRounds "5"]
[EventCountry "CAN"]

1. e4 e5 2. Bc4 Nf6 3. d3 Nc6 4. f4 Bc5 5. c3 Qe7 6. fxe5 Nxe5 7. Bb3 Neg4 8.
Nh3 d5 9. Qe2 dxe4 10. d4 Bd6 11. Bf4 Bf5 12. Nd2 O-O-O 13. O-O-O e3 14. Nc4
Bxf4 15. Nxf4 Qe4 16. Nd3 Nf2 17. Bc2 Nxd1 18. Nde5 Nxc3 19. bxc3 Qxc2+ 20.
Qxc2 Bxc2 21. Kxc2 Rhf8 22. Nxe3 Nd5 23. N3c4 f6 24. Nd3 Rfe8 25. Kd2 Re6 26.
Nc5 Re7 27. Rb1 b6 28. Na6 Rde8 0-1

[Event "Mercredi 2010.01.06 ABCD"]
[Site "Montreal CAN"]
[Date "2010.01.13"]
[Round "2"]
[White "Zroud, Hicham"]
[Black "Khudaverdian, Berj"]
[Result "0-1"]
[WhiteElo "1728"]
[BlackElo "1781"]
[PlyCount "58"]
[EventDate "2010.01.06"]
[EventType "tourn"]
[EventRounds "5"]
[EventCountry "CAN"]

1. e4 d6 2. d4 g6 3. Nc3 Bg7 4. Be3 c6 5. Qd2 b5 6. f3 Nd7 7. a4 Qa5 8. b4 Qxb4
9. Rb1 Qa5 10. axb5 c5 11. Nd5 Qxd2+ 12. Bxd2 Rb8 13. Nc7+ Kf8 14. d5 Nb6 15.
Rb3 Rb7 16. Na6 Nf6 17. Ne2 e6 18. Bf4 Ne8 19. Nc3 Bd7 20. e5 c4 21. Ra3 Nxd5
22. Nxd5 exd5 23. exd6 Bd4 24. Nc7 Nxc7 25. dxc7 Kg7 26. c3 Bb6 27. Be5+ f6 28.
Bd4 Bxd4 29. cxd4 Bxb5 0-1

[Event "Mercredi 2010.01.06 ABCD"]
[Site "Montreal CAN"]
[Date "2010.01.20"]
[Round "3"]
[White "Dobrev, Martin"]
[Black "Zroud, Hicham"]
[Result "1-0"]
[WhiteElo "1818"]
[BlackElo "1728"]
[PlyCount "68"]
[EventDate "2010.01.06"]
[EventType "tourn"]
[EventRounds "5"]
[EventCountry "CAN"]

1. d4 Nf6 2. Nf3 g6 3. g3 c5 4. e3 b6 5. Bg2 Bb7 6. O-O Bg7 7. c4 O-O 8. dxc5
bxc5 9. Nc3 d6 10. Rb1 Nbd7 11. a3 Rb8 12. b3 Ne4 13. Ne2 a5 14. Qd3 Nef6 15.
Nc3 Ng4 16. Qc2 Nge5 17. Nxe5 Nxe5 18. Bxb7 Rxb7 19. Bb2 Qd7 20. Kg2 Rfb8 21.
Nb5 Nc6 22. Bxg7 Kxg7 23. f4 f5 24. Rfd1 Qe6 25. Qd3 Na7 26. Nxa7 Rxa7 27. Kf3
Kf7 28. Re1 Rbb7 29. e4 Qf6 30. e5 Qe6 31. exd6 Qxd6 32. Qc2 a4 33. bxa4 Rxb1
34. Qxb1 Rxa4 1-0

[Event "Mercredi 2010.01.06 ABCD"]
[Site "Montreal CAN"]
[Date "2010.01.20"]
[Round "3"]
[White "Gagnon, Serge"]
[Black "Leveille, Francois"]
[Result "0-1"]
[WhiteElo "2000"]
[BlackElo "2289"]
[PlyCount "72"]
[EventDate "2010.01.06"]
[EventType "tourn"]
[EventRounds "5"]
[EventCountry "CAN"]

1. d4 f5 2. c4 Nf6 3. Nc3 g6 4. g3 Bg7 5. Bg2 O-O 6. e4 fxe4 7. Nxe4 Nxe4 8.
Bxe4 c5 9. d5 Qa5+ 10. Kf1 Qa6 11. Qe2 Qf6 12. h4 d6 13. Nh3 Nd7 14. Kg2 Ne5
15. Bg5 Qf7 16. Raf1 b5 17. cxb5 a6 18. Bc1 axb5 19. Ng5 Qf6 20. Ne6 Bxe6 21.
Bg5 Bg4 22. f3 Nxf3 23. Bxf6 Nxh4+ 24. Bxh4 Bxe2 25. Re1 Bc4 26. Bxe7 Rxa2 27.
Bxf8 Rxb2+ 28. Kf3 Bxf8 29. Rb1 Rd2 30. Rhc1 Bh6 31. Ra1 Be2+ 32. Kf2 Bg4+ 33.
Kf1 Be3 34. Rcb1 Kg7 35. Ra7+ Kf6 36. Rba1 Bd4 0-1

[Event "Mercredi 2010.01.06 ABCD"]
[Site "Montreal CAN"]
[Date "2010.01.20"]
[Round "3"]
[White "Gates, Claude-Eric"]
[Black "Lange, Holger"]
[Result "1/2-1/2"]
[WhiteElo "1692"]
[BlackElo "1640"]
[PlyCount "67"]
[EventDate "2010.01.06"]
[EventType "tourn"]
[EventRounds "5"]
[EventCountry "CAN"]

1. c4 e5 2. g3 Nc6 3. Bg2 g6 4. Nc3 Bg7 5. e4 d6 6. Nge2 f5 7. d3 Nf6 8. Bg5
O-O 9. Qd2 Be6 10. O-O Qd7 11. Nd5 Rf7 12. Rac1 Nh5 13. f3 Raf8 14. b4 Nf6 15.
a4 Ne7 16. b5 c6 17. Nxe7+ Rxe7 18. Kh1 Ref7 19. Be3 d5 20. exd5 cxd5 21. c5 d4
22. Bg1 Bd5 23. Rfe1 Rc8 24. Qa5 Rff8 25. Qb4 Rfe8 26. h3 Bf8 27. Nxd4 exd4 28.
Bxd4 Nh5 29. Be5 Ng7 30. d4 Ne6 31. Qd2 Bb3 32. Qb4 Bd5 33. Qd2 Bb3 34. Qb4
1/2-1/2

[Event "Mercredi 2010.01.06 ABCD"]
[Site "Montreal CAN"]
[Date "2010.01.20"]
[Round "3"]
[White "Gauthier, Luc"]
[Black "Pozdnyakov, Alexander"]
[Result "1/2-1/2"]
[WhiteElo "1689"]
[BlackElo "1707"]
[PlyCount "88"]
[EventDate "2010.01.06"]
[EventType "tourn"]
[EventRounds "5"]
[EventCountry "CAN"]

1. e4 d5 2. exd5 Nf6 3. d4 Bg4 4. Be2 Bxe2 5. Qxe2 Qxd5 6. Nf3 Nc6 7. c4 Qe4 8.
Nc3 Qxe2+ 9. Kxe2 e6 10. Re1 O-O-O 11. Be3 h6 12. h3 g5 13. g4 Bg7 14. Rac1
Rhe8 15. Kf1 a6 16. a3 Rd6 17. Ne5 Re7 18. c5 Rd8 19. Nxc6 bxc6 20. Na2 Nd5 21.
Rc4 Red7 22. Ra4 Kb7 23. Nc3 Ne7 24. Ne2 Nd5 25. Nc3 Ka7 26. Ne4 Rb8 27. Nd2
Rxb2 28. Nc4 Rb8 29. Na5 Ne7 30. Rd1 Rbd8 31. Rb1 Rb8 32. Rab4 Rdd8 33. Ke2
Rxb4 34. Rxb4 Rb8 35. Kd3 Rxb4 36. axb4 Kb8 37. f4 f6 38. fxg5 fxg5 39. Ke4 Kc8
40. Nc4 Nd5 41. Bd2 Nf6+ 42. Kf3 Nd5 43. Ke4 Nf6+ 44. Kf3 Nd5 1/2-1/2

[Event "Mercredi 2010.01.06 ABCD"]
[Site "Montreal CAN"]
[Date "2010.01.20"]
[Round "3"]
[White "Keane-McCarney, Eamon"]
[Black "Baran, Marius"]
[Result "0-1"]
[WhiteElo "1686"]
[BlackElo "1684"]
[PlyCount "72"]
[EventDate "2010.01.06"]
[EventType "tourn"]
[EventRounds "5"]
[EventCountry "CAN"]

1. e4 c5 2. Nf3 d6 3. d4 cxd4 4. Nxd4 Nf6 5. Nc3 g6 6. Be3 Bg7 7. Qd2 Nc6 8.
O-O-O Bd7 9. f3 Rc8 10. g4 Ne5 11. h4 h5 12. g5 Nh7 13. Qf2 Nf8 14. Ndb5 Nc4
15. Bxc4 Rxc4 16. Rxd6 Rxc3 17. bxc3 Qa5 18. Rxd7 Nxd7 19. Bd4 e5 20. Nd6+ Ke7
21. Nxb7 Qa3+ 22. Kd1 exd4 23. cxd4 Rb8 24. d5 Rxb7 25. d6+ Qxd6+ 26. Ke2 Qd4
27. Qxd4 Bxd4 28. Kd3 Be5 29. Ke3 Rb2 30. f4 Bc7 31. Re1 Rxc2 32. f5 Ne5 33.
f6+ Ke6 34. Rd1 Bb6+ 35. Kf4 Rg2 36. a4 Rg4# 0-1

[Event "Mercredi 2010.01.06 ABCD"]
[Site "Montreal CAN"]
[Date "2010.01.20"]
[Round "3"]
[White "Khudaverdian, Berj"]
[Black "Cote, Philippe"]
[Result "1/2-1/2"]
[WhiteElo "1781"]
[BlackElo "1767"]
[PlyCount "119"]
[EventDate "2010.01.06"]
[EventType "tourn"]
[EventRounds "5"]
[EventCountry "CAN"]

1. d4 d6 2. Nf3 Nf6 3. g3 g6 4. Bg2 Bg7 5. O-O O-O 6. c4 Nc6 7. Nc3 a6 8. Bg5
h6 9. Bxf6 Bxf6 10. Qd2 Bg7 11. e4 Rb8 12. Rac1 b5 13. cxb5 axb5 14. Nxb5 Rxb5
15. Rxc6 Bb7 16. Rcc1 Qa8 17. Rfe1 c5 18. Qe2 Ra5 19. a3 cxd4 20. Rc7 Rc5 21.
Rxc5 dxc5 22. e5 e6 23. Nh4 Bxg2 24. Nxg2 Qa4 25. Rc1 Rc8 26. f4 Bf8 27. Qc4
Qxc4 28. Rxc4 Rb8 29. Rc2 Rb3 30. Kf1 d3 31. Rd2 c4 32. Ne3 c3 33. bxc3 Rxc3
34. a4 Bc5 35. Nd1 Ra3 36. Nf2 Rxa4 37. Rxd3 Ra2 38. Ne4 Be7 39. h4 g5 40. hxg5
hxg5 41. fxg5 Ra5 42. Rd7 Rxe5 43. Rxe7 Rxe4 44. Kg2 Rg4 45. Kh3 Rxg5 46. g4
Kg7 47. Kh4 Kg6 48. Re8 Kf6 49. Rf8 Ra5 50. Rg8 e5 51. g5+ Ke7 52. Rg7 Ra6 53.
Kg4 Ra4+ 54. Kf5 Kf8 55. Rh7 Kg8 56. Rh6 e4 57. Rh5 Ra5+ 58. Kf6 Ra6+ 59. Kf5
Ra5+ 60. Kf6 1/2-1/2

[Event "Mercredi 2010.01.06 ABCD"]
[Site "Montreal CAN"]
[Date "2010.01.20"]
[Round "3"]
[White "Lamouche, Andre"]
[Black "Neumark-Gaudet, Zev"]
[Result "1/2-1/2"]
[WhiteElo "1625"]
[BlackElo "1536"]
[PlyCount "61"]
[EventDate "2010.01.06"]
[EventType "tourn"]
[EventRounds "5"]
[EventCountry "CAN"]

1. e4 d5 2. exd5 Qxd5 3. Nc3 Qa5 4. Bc4 Nf6 5. Nf3 Bg4 6. O-O e6 7. Re1 Bd6 8.
h3 Bh5 9. Nb5 Be7 10. Re5 O-O 11. g4 Bg6 12. Nbd4 Qb4 13. d3 Nbd7 14. Rb5 Qd6
15. Rxb7 a6 16. Rb3 e5 17. Ne2 e4 18. Bf4 Qc5 19. Be3 Qd6 20. dxe4 Bxe4 21.
Qxd6 Bxd6 22. Ne1 Ne5 23. Bd3 Nxd3 24. cxd3 Bd5 25. Rc3 Be5 26. d4 Bd6 27. Nf4
Bxf4 28. Bxf4 c6 29. f3 Rfe8 30. Kf2 Re6 31. Re3 1/2-1/2